| 000 | 00367 a2200169 4500 | ||
|---|---|---|---|
| 001 | 187752 | ||
| 020 | _a978-85-02-04910-9 | ||
| 040 | _cMagnum | ||
| 100 | _aBraz, Julio Emilio | ||
| 240 | 1 | 0 |
_aDesprezados F. C. _lpor |
| 245 | 1 | 0 | _aDesprezados F. C. |
| 300 | _a79 | ||
| 362 | 0 | _a2007 | |
| 440 | 1 | _aSaraiva | |
| 697 | _aLITERATURA INFANTO-JUVENIL | ||
| 942 | _cBK | ||
| 999 |
_c187752 _d187752 |
||